NBA: Top 50 Active Players: Defensive Win Shares - Statistics

General Stats
  • This quiz has been taken 67 times
    7 since last reset
  • The average score is 32 of 50
Answer Stats
# Player DWS % Correct
30 DeMar DeRozan 30.10
100%
10 Draymond Green 46.03
100%
11 Giannis Antetokounmpo 45.95
100%
7 James Harden 48.98
100%
35 Jeff Green 27.75
100%
5 Kevin Durant 53.71
100%
1 LeBron James 85.68
100%
20 Nikola Jokić 38.44
100%
2 Rudy Gobert 55.30
100%
4 Russell Westbrook 53.85
100%
9 Anthony Davis 46.41
83%
41 Donovan Mitchell 26.09
83%
34 Jaylen Brown 27.84
83%
26 Jayson Tatum 31.82
83%
29 Karl-Anthony Towns 30.91
83%
13 Kawhi Leonard 43.48
83%
44 Klay Thompson 25.59
83%
8 Paul George 48.97
83%
15 Stephen Curry 40.45
83%
6 Andre Drummond 49.29
67%
27 Bam Adebayo 31.73
67%
12 DeAndre Jordan 45.44
67%
43 Domantas Sabonis 25.65
67%
19 Jimmy Butler 38.64
67%
37 Joel Embiid 27.06
67%
21 Jrue Holiday 37.18
67%
45 Khris Middleton 24.61
67%
14 Nikola Vučević 42.92
67%
46 Pascal Siakam 24.24
67%
48 Shai Gilgeous-Alexander 23.56
67%
3 Al Horford 53.91
50%
16 Brook Lopez 40.03
50%
36 Clint Capela 27.07
50%
49 Harrison Barnes 23.49
50%
25 Kevin Love 32.83
50%
18 Kyle Lowry 39.16
50%
50 Kyrie Irving 23.32
50%
17 Mike Conley 39.23
50%
32 Steven Adams 28.38
50%
24 Jonas Valančiūnas 34.42
33%
47 Mason Plumlee 24.18
33%
31 Myles Turner 28.62
33%
23 Tobias Harris 35.19
33%
38 Jarrett Allen 26.98
17%
33 Julius Randle 28.07
17%
39 Kentavious Caldwell-Pope 26.96
17%
40 Marcus Smart 26.45
17%
22 Nicolas Batum 35.49
17%
28 Taj Gibson 31.36
17%
42 Kyle Anderson 25.99
0%
No matching quizzes found
Score Distribution
Percent of People with Each Score
Percentile by Number Answered
Your Score History
You have not taken this quiz since the last reset